00646nam a2200169 i 450000100060000000300090000600500170001500700030003200800410003510000360007624500870011226000630019930000430026285200320030599900170033795201220035449577ES-MaACL20230906162021.0t|030718s1971 sp ||||1| cat d1 aCosta y Via, Montserrat.94112410aEstudi de l'obra d'Anna Rubiés b: Maestra 1881-1963 / cMontserrat Costa y Via. aBarcelona : bFundació Salvador Vives Casajuana, c1971. a132 p., 1 lám. retr. aut. ; c24 cm. aES-MaACLjC-45029 bR.78657 c49577d49577 00104070aATENEOMbATENEOMcDEPO2d2008-01-17eSCl0oC-45029p1052167r2023-02-23 00:00:00w2023-02-23yMONOGRAFIA